000 00599nam a2200193Ia 4500
003 GCL
008 140319s9999 xx 000 0 ara d
040 _aGCL /
_cGCL
082 0 4 _a230
_bز ا
100 1 _aمصطفى محمد عمارة
245 1 0 _aالترغيب و الترهيب من الحديث الشريف /
_cمصطفى محمد عمارة
700 1 _aزكىالدين عبدالعظيم عبدالقوى
260 _a[S.N] :
_bدار الجيل ،
_c1987
300 _a611 ص
490 _a
650 0 4 _aالحديث
650 0 4 _aالحديث - تفسير
942 _2ddc
_cBK
999 _c56580
_d56580